|
|
|
|
| LEADER |
00000nam a2200000 a 4500 |
| 005 |
20120119115936.0 |
| 007 |
cr|||| |||| |
| 008 |
020923s2002 sp |||||| |00| ||spa|| |
| 017 |
|
|
|a DL M. 20892-2002
|
| 020 |
|
|
|a 8471114178
|
| 035 |
|
|
|a 1707
|
| 040 |
|
|
|d vLex
|
| 080 |
|
|
|a 352/353(460).072.3
|
| 090 |
|
|
|c 2935
|d 2935
|
| 100 |
1 |
|
|a Gonzl̀ez-Antn̤ ℓlvarez, Carlos
|
| 245 |
1 |
4 |
|a Los Convenios interadministrativos de los entes locales
|h [Recurso electrn̤ico] /
|c Carlos Gn̤zalez-Antn̤ ℓlvarez
|
| 256 |
|
|
|a Servicio
|
| 260 |
|
|
|a Madrid :
|b Montecorvo,
|c 2002
|
| 300 |
|
|
|a 1 recurso electrn̤ico
|
| 504 |
|
|
|a Notas. Bibliografa̕: p. 325-338
|
| 506 |
1 |
|
|a Contenido solo disponible en los productos indicados
|d vLex Global
|d vLex Global (Academic Edition, excluding Law Schools)
|d vLex Global (U.S. Academic Edition, Law Schools)
|d vLex Global (U.S. Academic Edition, excluding Law Schools)
|d vLex Global (Academic Edition, Law Schools)
|
| 650 |
0 |
4 |
|a Administracin̤ local
|z Espaą
|
| 650 |
0 |
4 |
|a Relaciones gobierno central - local
|z Espaą
|
| 650 |
0 |
4 |
|a Autonoma̕ municipal
|z Espaą
|
| 650 |
0 |
4 |
|a Descentralizacin̤ administrativa
|z Espaą
|
| 740 |
0 |
|
|a vLex Libros (Servicio en ln̕ea)
|
| 856 |
4 |
0 |
|u http://vlex.com/source/convenios-administrativos-entes-locales-1707
|z Acceso restringido
|
| 942 |
|
|
|c BOOK
|
| 999 |
0 |
|
|a Local government
|
| 999 |
0 |
|
|a Administrative law
|